000
00300nam a2200097Ia 4500
008
241105s9999 xx 000 0 und d
041
_a
eng
100
_a
Ghorpade J.
_9
182050
245
_a
Landscape Development Proposal For A Special Township : At Lohegaon Pune
260
_b
M Arch Landscape, Pune
_c
2009
999
_c
360312
_d
360312